| 000 | 00889nam a2200181 4500 | ||
|---|---|---|---|
| 999 |
_c2949 _d2949 |
||
| 001 | 3619 | ||
| 005 | 20190920144455.0 | ||
| 008 | 190920b ||||| |||| 00| 0 eng d | ||
| 020 | 0 | 0 | _a9789993614487 |
| 090 | 0 | 0 | _a945.98092 K521-4 2008 |
| 245 | 0 | 0 | _aའབྲུག༌བརྒྱུད༌འཛིན༌གྱི༌རྒྱལ༌མཆོག༌བཞི༌པ༌མི༌དབང༌འཇིགས༌མེད༌སེང༌གེ༌དབང༌ཕྱུག༌མཆོག༌གི༌རྟོགས༌བརྗོད༌དེབ༌ཐེར༌ཆེན༌མོ༌བཞུགས༌སོ། |
| 246 | _a[Biography of 4th King Jigme Singye Wangchuck]. | ||
| 260 | 0 | 0 |
_a[Thimphu] : _bCentre for Bhutan Studies, _c2008. |
| 300 | 0 | 0 | _a417 p. ; 25 cm. |
| 600 |
_aJigme Singye Wangchuck, _c4th King of Bhutan. |
||
| 651 | _aBhutan --Kings and rulers --Biography. | ||
| 942 |
_2ddc _cDZONGKHA |
||